000
00337nam a22001457a 4500
008
221121b ||||| |||| 00| 0 eng d
020
_a
9781464175947
041
_a
eng
080
_2
FOURTH EDITION
_a
159.9
082
_a
159.9 BEL
100
_a
25
101
_a
PSI
245
_a
EXPERIENCING THE LIFESPAN
_c
BELSKY J
942
_2
udc
_c
BK
999
_c
58988
_d
58988